Dr. S. R. Lasker Library Online Catalogue

Home      Library Home      Institutional Repository      E-Resources      MyAthens      EWU Home

Bangladesh population census, 1991 : (Record no. 5123)

MARC details
000 -LEADER
fixed length control field 00873nam a2200289Ia 4500
001 - CONTROL NUMBER
control field 5123
003 - CONTROL NUMBER IDENTIFIER
control field BD-DhEWU
005 - DATE AND TIME OF LATEST TRANSACTION
control field 20190227190701.0
008 - FIXED-LENGTH DATA ELEMENTS--GENERAL INFORMATION
fixed length control field 110604s1994 bg g 000 0 eng d
020 ## - INTERNATIONAL STANDARD BOOK NUMBER
International Standard Book Number 9845081371 Paper back
035 ## - SYSTEM CONTROL NUMBER
System control number (OCoLC)
040 ## - CATALOGING SOURCE
Original cataloging agency BD-DhEWU
Modifying agency BD-DhEWU
Language of cataloging eng
Transcribing agency BD-DhEWU
041 ## - LANGUAGE CODE
Language code of text/sound track or separate title ENG
082 04 - DEWEY DECIMAL CLASSIFICATION NUMBER
Classification number 304.65492
Item number BAN 1994
110 ## - MAIN ENTRY--CORPORATE NAME
Corporate name or jurisdiction name as entry element Ministry of Planning, Statistics Division, GoB,Bangladesh Bureau of Statistics,
9 (RLIN) 17406
245 10 - TITLE STATEMENT
Title Bangladesh population census, 1991 :
Remainder of title national series /
260 ## - PUBLICATION, DISTRIBUTION, ETC. (IMPRINT)
Place of publication, distribution, etc Dhaka :
Name of publisher, distributor, etc Bangladesh Bureau of Statistics,
Date of publication, distribution, etc 1994.
300 ## - PHYSICAL DESCRIPTION
Extent xvii, 387 p. :
Other physical details ill.: figures, tables, maps ;
Dimensions 28 cm.
526 ## - STUDY PROGRAM INFORMATION NOTE
Program name AS
590 ## - LOCAL NOTE (RLIN)
Local note Tahur Ahmed
651 ## - SUBJECT ADDED ENTRY--GEOGRAPHIC NAME
Geographic name Bangladesh
9 (RLIN) 17407
653 #1 - INDEX TERM--UNCONTROLLED
Uncontrolled term Population Census
Uncontrolled term Social sciences
942 ## - ADDED ENTRY ELEMENTS (KOHA)
Koha item type Ref.
Source of classification or shelving scheme Dewey Decimal Classification
Koha issues (borrowed), all copies 1
953 ## - Fulltext in GSDL
Is Fulltext Available in GSDL? Not Avaialable
Holdings
Withdrawn status Lost status Source of classification or shelving scheme Damaged status Not for loan Collection code Home library Current library Shelving location Date acquired Source of acquisition Cost, normal purchase price Total Checkouts Full call number Barcode Date last seen Date checked out Copy number Koha item type
    Dewey Decimal Classification   Not For Loan Reference Dr. S. R. Lasker Library, EWU Dr. S. R. Lasker Library, EWU Reference Section 16/09/2006 Solver Books 380.00 4 304.65492 BAN 1994 18767 21/12/2014 13/10/2014 C-1 Ref.